000 00474nam a2200193 a 4500
001 BRCA_6173
005 20190320205347.0
008 110711c1923----gw-#######---#000-0#ger-#
041 _ager
044 _agw
050 4 _aPT2642
_b.H58 M8
_c1923
245 1 0 _aMünchnerinnen
_cvon Ludwig Thoma.
260 _aMúnich, Alemania
_bAlbert Langen
_c1923
300 _a190 p.
_c19 cm.
500 _aK56
650 1 4 _aLiteratura Alemana
_96160
902 _aGFM
942 _2lcc
_cB
999 _c5860
_d5860